| 000 | 00415nam a2200157 4500 | ||
|---|---|---|---|
| 001 | 140182 | ||
| 003 | ES-MaACL | ||
| 005 | 20230906200027.0 | ||
| 007 | t| | ||
| 008 | 070214s1911 sp r ||||1| spa d | ||
| 100 | 1 |
_aSegarra, Estanislao. _9105116 |
|
| 245 | 1 | 4 |
_aLos gremios / _cE. Segarra. |
| 260 |
_aBarcelona : _bF. Altés y Alabert, _c1911. |
||
| 300 |
_a395 p. ; _c20 x 12 cm. |
||
| 852 |
_aES-MaACL _jF-12550 |
||
| 999 |
_c140182 _d140182 |
||